Del íntimo esplendor : antología poética /

Bibliographic Details
Main Author: Chacón Nardi, Rafaela, 1926-
Other Authors: Hernández Menéndez, Mayra, 1950-
Format: Book
Language:Spanish
Published: La Habana, Cuba : Editorial Letras Cubanas, 2000

MARC

Tag First Indicator Second Indicator Subfields
LEADER 00000cam a2200000 a 4500
001 in00001703213
005 20151024151404.0
008 020322s2000 cu 000 p spa c
020 |a 9591005342 
035 |a (OCoLC)ocm49381278 
040 |a FUG  |c FUG  |d TXA  |d UtOrBLW 
042 |a pcc 
049 |a TXAM 
050 4 |a PQ7389.C43  |b A6 2000 
100 1 |a Chacón Nardi, Rafaela,  |d 1926- 
240 1 0 |a Poems.  |k Selections 
245 1 0 |a Del íntimo esplendor :  |b antología poética /  |c Rafaela Chacón Nardi ; selección, prólogo y notas de Mayra Hernández Menéndez. 
264 1 |a La Habana, Cuba :  |b Editorial Letras Cubanas,  |c 2000 
264 3 |a Santafé de Bogotá, Colombia :  |b Quebecor Impreandes 
300 |a 216 pages ;  |c 18 cm. 
336 |a text  |b txt  |2 rdacontent 
337 |a unmediated  |b n  |2 rdamedia 
338 |a volume  |b nc  |2 rdacarrier 
505 0 |a Otro reencuentro con Rafaela -- De Viaje al sueño -- De Viaje al sueño : 36 nuevos poemas y una carta de Gabriela Mistral -- Del silencio y las voces -- De Coral del aire -- De Una mujer desde su isla canta -- De Vuelta de hoja -- De Mínimo paraíso -- Piedra y espuma. 
700 1 |a Hernández Menéndez, Mayra,  |d 1950- 
948 |a cataloged  |b h  |c 2002/9/4  |d c  |e cmulkey  |f 9:56:09 am 
994 |a E0  |b TXA 
999 |a MARS 
999 f f |s b8c91f4d-6052-30ef-87ba-6d9ba75fe98f  |i 133549c0-e820-3eee-9b78-6819e186d40d  |t 0 
952 f f |p ric  |a Texas A&M University  |b Rellis Campus  |c Joint Library Facility  |d Remote Storage  |t 0  |e PQ7389.C43 A6 2000  |h Library of Congress classification  |i unmediated -- volume  |m A14829134205 
998 f f |a PQ7389.C43 A6 2000  |t 0  |l Remote Storage